000
00264ngm a2200097 454500
008
180718b xxu||||| |||| 00| 0 eng d
100
_a
The World Bank
245
_a
World Bank Africa database
260
_a
Washington, D.C.
_b
The author
_c
500
_a
Library has 2003-2005
999
_c
447240
_d
447240